Enseñanza de la lectura y de la escritura

Guardat en:
Dades bibliogràfiques
Autors principals: Valenzuela Moya, Domingo (Autor), Riquelme Salinas, Berta (Autor), Gómez Catalán, Luis (Autor)
Format: Llibre
Idioma:espanyol
Publicat: Santiago Universitaria 1946
Edició:3a. ed
Matèries:
Etiquetes: Afegir etiqueta
Sense etiquetes, Sigues el primer a etiquetar aquest registre!

MARC

LEADER 00000nam a2200000 a 4500
001 UCZ5911
003 CL-VaPUC
008 951127e19460000CL |||||||||||||||||spa|d
082 0 4 |a 372.623  |b VAL  |2 21 
100 0 |a Valenzuela Moya, Domingo  |e author  |9 350089 
700 0 |a Riquelme Salinas, Berta  |e author  |9 350090 
700 |a Gómez Catalán, Luis  |e author  |9 567708 
245 1 0 |a Enseñanza de la lectura y de la escritura 
250 |a 3a. ed 
300 |a 90 p 
942 |c BK 
945 |d 19951127 00:00:00  |a rbrito 
260 |a Santiago  |b Universitaria  |c 1946 
650 0 |a Lectura  |9 307634 
650 0 |a Escritura  |9 264941 
650 0 |a Enseñanza de la lectura  |9 308364 
650 0 |a Enseñanza de la escritura  |9 307377 
650 0 |a Medios de comunicación  |9 257206 
583 |a last modification  |c 19951127 00:00:00  |k Rodrigo Vera 
999 |c 242187  |d 242185 
952 |0 0  |1 0  |4 0  |6 372_623000000000000_VAL_1946  |7 0  |8 P  |9 254952  |a BIBEDU  |b BIBEDU  |c BIBEDU_PB  |d 2019-11-19  |i 3153231  |o 372.623 VAL 1946  |p 3153231  |r 2024-01-25  |w 2019-11-19  |y BK  |k EDU 
952 |0 0  |1 0  |4 0  |6 372_623000000000000_VAL_1946  |7 0  |8 P  |9 254953  |a BIBEDU  |b BIBEDU  |c BIBEDU_PB  |d 2019-11-19  |i 3153142  |o 372.623 VAL 1946  |p 3153142  |r 2024-01-25  |w 2019-11-19  |y BK  |k EDU